| 000 | 00384nam a22001337a 4500 | ||
|---|---|---|---|
| 999 |
_c55077 _d55077 |
||
| 008 | 200205b ||||| |||| 00| 0 eng d | ||
| 041 | _aeng | ||
| 080 |
_2043.3 _a043.3 |
||
| 082 | _a043.3 | ||
| 100 | _a0 | ||
| 101 | _aBTH | ||
| 245 |
_aStrategjitë e Marketingut të përdoura nga Kompanitë që merren me shitjen e Produkteve dhe Shërbimeve Online _cRrustemi,D |
||
| 942 |
_2udc _cBK |
||